Statistics for Most Guessed Cities By Random U.S. State

Click here to take the quiz!

General Stats

  • This quiz has been taken 481 times
  • The average score is 18 of 30

Answer Stats

RegionPercentageCity% Correct
94%Baton Rouge
100%
Idaho*100%Boise
100%
Massachusetts100%Boston
100%
81%Buffalo
100%
West Virginia*99%Charleston
100%
49%Columbia
100%
Colorado100%Denver
100%
Michigan99%Detroit
100%
94%Helena
100%
Hawaii*99%Honolulu
100%
Texas99%Houston
100%
Mississippi*100%Jackson
100%
72%Jefferson City
100%
94%Kansas City
100%
93%Kansas City
100%
Nevada*100%Las Vegas
100%
Arkansas*100%Little Rock
100%
California100%Los Angeles
100%
Florida99%Miami
100%
Wisconsin97%Milwaukee
100%
Minnesota*99%Minneapolis
100%
Louisiana99%New Orleans
100%
New York99%New York City
100%
78%North Las Vegas
100%
Oklahoma*100%Oklahoma City
100%
Nebraska*99%Omaha
100%
94%Orlando
100%
Pennsylvania99%Philadelphia
100%
Arizona100%Phoenix
100%
94%Pittsburgh
100%
Oregon99%Portland
100%
North Carolina95%Raleigh
100%
97%Reno
100%
Virginia96%Richmond
100%
Utah100%Salt Lake City
100%
95%San Diego
100%
98%San Francisco
100%
66%Springfield
100%
Missouri97%St. Louis
100%
97%St. Paul
100%
93%Tampa
100%
92%Topeka
100%
88%Tucson
100%
96%Tulsa
100%
Indiana99%Indianapolis
92%
94%Cincinnati
91%
Ohio96%Cleveland
91%
95%Columbus
91%
89%Jacksonville
91%
85%Tallahassee
91%
Georgia100%Atlanta
90%
99%Dallas
90%
82%Jersey City
89%
94%Charlotte
88%
Kentucky*99%Louisville
88%
New Mexico*100%Albuquerque
86%
82%Duluth
86%
Connecticut*97%Hartford
86%
96%Memphis
86%
Tennessee98%Nashville
86%
92%New Haven
86%
95%Santa Fe
86%
68%Springfield
86%
Delaware*99%Dover
83%
71%Mesa
83%
88%Green Bay
82%
95%Madison
82%
83%Albany
80%
87%Augusta
80%
95%Austin
80%
88%Carson City
80%
97%Columbia
80%
83%Henderson
80%
92%Pierre
80%
Maine*97%Portland
80%
Washington100%Seattle
80%
South Dakota*96%Sioux Falls
80%
61%Syracuse
80%
75%Tacoma
80%
Kansas*94%Wichita
80%
74%Ann Arbor
78%
Maryland*99%Baltimore
78%
70%Flint
78%
83%Lansing
78%
Montana*94%Billings
75%
Wyoming*98%Cheyenne
75%
Illinois100%Chicago
75%
Iowa*99%Des Moines
75%
77%Hilo
75%
64%Kearney
75%
99%Lincoln
75%
60%Pearl City
75%
Rhode Island*100%Providence
75%
90%Sacramento
75%
83%San Jose
75%
Alabama*97%Birmingham
71%
59%Cambridge
71%
75%Knoxville
71%
93%Mobile
71%
97%Montgomery
71%
64%Rochester
71%
65%Shreveport
71%
64%Worcester
71%
84%Savannah
70%
Vermont*93%Burlington
69%
91%Montpelier
69%
78%Biloxi
67%
74%Grand Rapids
67%
57%Newark
67%
New Jersey94%Newark
67%
75%Norfolk
67%
85%Salem
67%
86%Trenton
67%
90%Virginia Beach
67%
90%Wilmington
67%
76%Akron
64%
76%Toledo
64%
New Hampshire*94%Concord
63%
77%Durham
63%
66%Greensboro
63%
Alaska98%Anchorage
60%
48%Barrow
60%
97%Bismarck
60%
76%Boulder
60%
South Carolina*98%Charleston
60%
89%Colorado Springs
60%
88%El Paso
60%
78%Fairbanks
60%
94%Juneau
60%
61%Ogden
60%
79%Olympia
60%
71%Overland Park
60%
79%Provo
60%
85%Rapid City
60%
90%San Antonio
60%
78%Spokane
60%
52%St. George
60%
69%Fort Wayne
58%
76%Gary
58%
67%South Bend
58%
88%Bridgeport
57%
44%Lowell
57%
64%Roswell
57%
73%Stamford
57%
71%Tuscaloosa
57%
73%Eugene
56%
57%Kenosha
55%
83%Cedar Rapids
50%
62%Cranston
50%
52%Evansville
50%
North Dakota*97%Fargo
50%
77%Fayetteville
50%
72%Flagstaff
50%
79%Frankfort
50%
71%Grand Island
50%
778%Harrisburg
50%
76%Huntington
50%
83%Iowa City
50%
66%Jackson
50%
55%Kailua
50%
73%Morgantown
50%
66%Newport
50%
64%Norman
50%
54%Parkersburg
50%
62%Pawtucket
50%
64%Scottsdale
50%
68%Scranton
50%
67%Wheeling
50%
55%Eau Claire
45%
86%Annapolis
44%
59%Bend
44%
83%Idaho Falls
44%
51%Farmington
43%
82%Huntsville
43%
55%Lafayette
43%
80%Las Cruces
43%
39%Murfreesboro
43%
63%Aberdeen
40%
65%Augusta
40%
68%Aurora
40%
83%Bangor
40%
53%Brookings
40%
56%Fort Collins
40%
62%Lewiston
40%
46%Orem
40%
61%Rochester
40%
56%South Portland
40%
64%Vancouver
40%
59%Hot Springs
38%
72%Laramie
38%
92%Lexington
38%
92%Manchester
38%
74%Nashua
38%
61%Portsmouth
38%
43%Beaverton
33%
66%Hattiesburg
33%
33%Middletown
33%
60%Newport News
33%
48%Paterson
33%
53%Rockville
33%
56%Rutland
31%
67%Athens
30%
65%Macon
30%
67%Chattanooga
29%
41%Monroe
29%
57%Waterbury
29%
61%Asheville
25%
55%Aurora
25%
62%Benton
25%
70%Butte
25%
81%Casper
25%
77%Davenport
25%
69%Erie
25%
71%Fort Smith
25%
53%Gillette
25%
39%Kahului
25%
80%Missoula
25%
61%North Platte
25%
55%Peoria
25%
51%Rockford
25%
78%Sioux City
25%
86%Springfield
25%
70%Warwick
25%
57%South Burlington
23%
54%Bethesda
22%
77%Grand Forks
20%
67%Lawrence
20%
73%Minot
20%
76%Myrtle Beach
20%
55%Nome
20%
62%Broken Arrow
17%
72%Gulfport
17%
45%Stillwater
17%
60%Tupelo
17%
52%Essex
15%
53%Bloomington
14%
73%Bowling Green
13%
45%Keene
13%
59%Owensboro
13%
68%Alexandria
11%
53%Camden
11%
69%Coeur d'Alene
11%
63%Frederick
11%
70%Nampa
11%
71%Pocatello
11%
56%West Fargo
10%
74%Bozeman
0%
81%Greenville
0%
37%New Castle
0%
65%Spartanburg
0%

Score Distribution

Percentile by Number Answered

Percent of People with Each Score

Your Score History

You have not taken this quiz